Score 0/15 Timer 04:00
0 Plays Today
Neighbors? (Y)es/(N)o % Correct
April 30, May 1???
89.7%
Adams, Quincy Adams???
83.3%
Radius, Ulna???
81%
Boardwalk, Go???
74.6%
XLIX, L???
68.6%
13, 21???
67.4%
Cobalt, Copper???
63%
Rhode Island, Delaware???
62.9%
Neighbors? (Y)es/(N)o % Correct
Zephaniah, Zechariah???
62.7%
47, 53???
61.7%
Theta, Epsilon???
60.7%
Zimbabwe, Zambia???
59.1%
Goblet of Fire, Half-Blood Prince???
58.7%
Squirtle, Blastoise???
58.6%
Bishop, Rook???
56.4%
Remove Ads.
Support Sporcle.
Get the best of Sporcle when you Go Orange. This ad-free experience offers more features, more stats, and more fun while also helping to support Sporcle. Thank you for becoming a member.

You're not logged in!

Compare scores with friends on all Sporcle quizzes.
OR
Log In

Show Comments

Extras

Top Quizzes Today


Score Distribution

Your Account Isn't Verified!

In order to create a playlist on Sporcle, you need to verify the email address you used during registration. Go to your Sporcle Settings to finish the process.

Report this User

Report this user for behavior that violates our Community Guidelines.

Details: